| 000 | 00443nab a2200145Ia 4500 | ||
|---|---|---|---|
| 003 | ES-SlBCS | ||
| 005 | 20210601125244.0 | ||
| 008 | 140529s1981 xxu||||| |||| 00| 0 eng d | ||
| 041 | _aeng | ||
| 100 | 1 |
_aNatanson, Maurice _9143874 |
|
| 245 | 0 | 0 |
_aErwin Straus and Alfred Schutz _c Maurice Natanson |
| 600 | 1 | 4 |
_aStrauss, Erwin _9156027 |
| 773 | 0 |
_tPhilosophy and Phenomenological Research _gvol. 42, 1981, págs. 335-342 _wRev1411 |
|
| 942 | _cAR | ||
| 999 |
_c527322 _d527322 |
||